| 000 | 00609pam a2200229 a 4500 | ||
|---|---|---|---|
| 001 | 2877276 | ||
| 005 | 20180201041146.0 | ||
| 008 | 860117s1986 ctu b 001 0 eng c | ||
| 010 | _a 86001157 | ||
| 020 |
_a0838522254 : _c$28.95 |
||
| 040 |
_aDNLM/DLC _cDLC _dDLC |
||
| 041 | _aeng | ||
| 060 | _aWA 950 V136e | ||
| 080 | _a614.4 VAL | ||
| 082 | 0 | 0 |
_a614.4 VAL _219 |
| 100 | 1 | _a3 | |
| 101 | _aSHM | ||
| 245 | 1 | 0 |
_aEpidemiology in nursing and health care / _cBarbara Valanis. |
| 504 | _aIncludes bibliographies and index. | ||
| 906 |
_a7 _bcbc _corignew _d1 _eocip _f19 _gy-gencatlg |
||
| 942 |
_2ddc _cBK |
||
| 999 |
_c41478 _d41478 |
||